| 000 | 00502nam a2200193Ia 4500 | ||
|---|---|---|---|
| 001 | 66799 | ||
| 008 | 150514s9999 xx 000 0 und d | ||
| 020 | _aNA | ||
| 040 | _cPK-LaUMT | ||
| 082 |
_a 158.1 _bCOL-S |
||
| 100 | _aColier, Robert | ||
| 245 |
_aSadion kay raz [the secret of ages] _cColier, Robert|Nuzhat Javed |
||
| 260 |
_aLahore,Pakistan: _bDar ul Shaor, _c2013 |
||
| 300 | _a328 p. | ||
| 546 | _aUR | ||
| 650 | _aSelf actualization-Psychology | ||
| 700 | _aNuzhat Javed | ||
| 942 | _cBK | ||
| 999 |
_c71627 _d71627 |
||